Cigarettes out the Window - TV Girl (Lyrics) - Statistics

General Stats
  • This quiz has been taken 835 times
  • The average score is 212 of 283
Answer Stats
Answer % Correct
a
96%
she
96%
when
96%
always
95%
Cigarettes
95%
cigarettes
95%
smoke
95%
to
95%
used
94%
could
93%
I
93%
My
93%
my
93%
the
93%
The
93%
sleep
92%
an
91%
But
91%
couldn't
91%
girl
91%
her
91%
out
91%
window
91%
it
90%
never
90%
and
89%
And
89%
really
89%
tee
89%
we
88%
brush
87%
half
87%
hour
87%
Liddy
87%
little
87%
on
87%
Poor
87%
smell
87%
teeth
87%
did
86%
for
86%
just
86%
quit
86%
kiss
85%
say
85%
She'd
85%
she'd
85%
lips
84%
back
83%
still
83%
taste
83%
come
81%
disappear
80%
L.A.
77%
dark
76%
in
76%
was
72%
it's
70%
raggedy
68%
wishes
68%
wonder
68%
you
68%
You
68%
light
66%
what
66%
got
64%
guess
63%
street
63%
away
62%
done
62%
them
62%
billboard
61%
went
59%
be
58%
no
57%
from
56%
since
56%
changed
55%
shines
55%
call
53%
There
53%
will
53%
flick
52%
name
52%
empty
50%
answer
49%
find
49%
Because
48%
strangely
47%
times
47%
nights
43%
moonlit
42%
through
42%
twelve
41%
if
39%
mind
33%
oh-oh
31%
Rather
30%
aren't
29%
We'll
29%
melodramatic
28%
performance
22%
theater
22%
enhances
21%
Somehow
21%
No matching quizzes found
Score Distribution
Percent of People with Each Score
Percentile by Number Answered
Your Score History
You have not taken this quiz